LEADER 00616nam a2200181 i 4500 001 000000146541 003 CaOOAMICUS 005 20060110000000.0 008 060110s1966 it u000 u ita u 013 $a123352 040 $aSeMil$bita 245 13$aIl Purgatorio. 300 $a418 p. 773 0 $aPagliaro, Antonino <1898-1973>$tDivina Commedia nella critica.$dMessina ; Firenze : D'Anna, [1966?]$g2$w()15147 850 $aSeMil 852 $aSeMil$W1$xVenegono$y1$m100 11 2 *$j99188$B99188$CSeMilBibl$Z2$F107611 $81 961 $aOmaggio: Oneta don Marco 996 $6245$aIl Purgatorio$9(OLS)http://semarc/title/214278 LEADER 00808nas a2200157 i 4500 001 000000003544 003 CaOOAMICUS 005 20180830125436.0 008 180830s1969 it u0 ita u 040 $aSeMil$bita 245 10$aThesaurus Ecclesiarum Italiae :$bfino al secolo 17. 7. : Toscana /$ca cura di Eugenio Massa. 260 $aRoma :$bEdizioni di Storia e Letteratura,$c1969. 700 1 $aMassa, Eugenio <1919-2007>.$0(OLS)http://semarc/name/1529 774 0 $aVallombrosani $tActa capitulorum generalium Congregationis Vallis Umbrosae.$dRoma : Edizioni di Storia e Letteratura, 1985.$w()3548 996 $6245$aThesaurus Ecclesiarum Italiae :$bfino al secolo 17. 7. : Toscana$9(OLS)http://semarc/title/6039 996 $6260$aRoma :$bEdizioni di Storia e Letteratura$9(OLS)http://semarc/publisher/29779